003690000a2200085000450024501160000004400130011604100140012910000350014377301050017810aAnatomía comparada y evolución de las especies de Pseudoplatystoma Bleeker 1862 (Siluriformes: Pimelodidae) aColombia0 aEspañol1 aBuitrago Suárez, Uriel Angel1 tRevista de la Academia Colombiana de ciencias exactas, físicas y naturalesh114q117-141d2006g30